Resumen de padre Angus 2000 : evaluación de reproductores Angus.
Guardado en:
| Formato: | Libro |
|---|---|
| Idioma: | Spanish |
| Publicado: |
Buenos Aires :
Asociación Argentina de Angus,
2000.
|
| Etiquetas: |
Agregar Etiqueta
Sin Etiquetas, Sea el primero en etiquetar este registro!
|
| LEADER | 00428nam a22001215a 4500 | ||
|---|---|---|---|
| 001 | EEA.libagro006807 | ||
| 005 | 20180611124925.0 | ||
| 008 | 130809s2000####ag############000#0#spa#d | ||
| 082 | 0 | 4 | |a 636.211 |
| 245 | 1 | 0 | |a Resumen de padre Angus 2000 : |b evaluación de reproductores Angus. |
| 260 | |a Buenos Aires : |b Asociación Argentina de Angus, |c 2000. | ||
| 300 | |a 1 v. (sin paginar) ; |c 28 cm. | ||
| 859 | |a AR-BbBCA |b BIB. AGRONOMIA |h 636.211 |i A837 |p 2001/4173 | ||
